Statistiques concernant 📖 150 premiers mots "L'échappée belle" Anna Gavalda

Cliquez ici pour prendre le quiz!

Statistiques générales

  • Ce quiz a Ă©tĂ© pris 12 fois
  • Le rĂ©sultat moyen est 87 sur 150

Statistiques - réponses

Mots% Correct
Ah,
100%
ai
100%
c'
100%
- C'
100%
- Ça
100%
Ça
100%
ça
100%
J'
100%
m'
100%
s'
100%
t-
100%
belle ?
88%
belle-
88%
ce
88%
d'
88%
de
88%
elle,
88%
elle
88%
en
88%
est-
88%
est ?
88%
est
88%
et
88%
je
88%
Je
88%
lĂ  !
88%
la
88%
le
88%
ma
88%
n'
88%
- On
88%
on
88%
- Qu'
88%
qu'
88%
que
88%
te
88%
- Tu
88%
tu
88%
- Un
88%
as
75%
dans
75%
les
75%
- Mais
75%
mes
75%
ne
75%
pas,
75%
pas
75%
sœur
75%
ta
75%
tes
75%
une
75%
va,
75%
va.
75%
fait
63%
lui
63%
peut ...
63%
quand
63%
sur
63%
veux
63%
Ă©tais
50%
Ă©tait
50%
frère
50%
mette
50%
Mon
50%
petit
50%
Petit
50%
Petite
50%
réponds.
50%
affaires
38%
coffre ?
38%
dix
38%
encore
38%
genoux.
38%
main
38%
minutes
38%
- Non,
38%
- Oui.
38%
remercie.
38%
assise,
25%
déjà :
25%
enfin,
25%
entendu
25%
puis
25%
vois
25%
vois...
25%
clin
13%
coups
13%
demande-
13%
fauteuil
13%
fesse
13%
fis-
13%
fit-
13%
Ĺ“il.
13%
agressait
0%
arrière.
0%
avisant
0%
- Bonjour,
0%
boule
0%
chiffon
0%
Ă©paules,
0%
gentiment,
0%
grimace.
0%
haussant
0%
juste
0%
klaxon ?
0%
mettrai.
0%
plage
0%
portière
0%
poser
0%
remarquer
0%
retourné.
0%
robe ?
0%
robe.
0%
roulé
0%
sac
0%
sari.
0%
vais
0%
verras
0%

Distribution des résultats

Percentile par nombre de réponses

% des personnes avec chaque résultat

Votre développement - résultats

Vous n’avez pas pris ce quiz